Development and participation in multiethnic contexts: the Central American Atlantic Coast; paper presented at the conference on "Cultural Pluralism in Central America and the United States", State University of New York. Latin American and Caribbean Stud
Na minha lista:
| Autor principal: | |
|---|---|
| Autor Corporativo: | |
| Formato: | Texto |
| Publicado em: |
San José:
CSUCA
|
| Tags: |
Adicionar Tag
Sem tags, seja o primeiro a adicionar uma tag!
|
MARC
| LEADER | 00000 a a2200000 04500 | ||
|---|---|---|---|
| 001 | 23734 | ||
| 003 | |||
| 040 | |||
| 090 | |a 167300 | ||
| 100 | |a Smith Wiltshire, David A | ||
| 110 | |a CSUCA | ||
| 245 | |a Development and participation in multiethnic contexts: the Central American Atlantic Coast; paper presented at the conference on "Cultural Pluralism in Central America and the United States", State University of New York. Latin American and Caribbean Stud | ||
| 260 | |a San José: |b CSUCA | ||
| 300 | |a 35 p. | ||
| 999 | |c 638 |d 638 | ||
